000 00631nam a2200241Ia 4500
003 OSt
005 20221005065959.0
006 a|||||r|||| 00| 0
007 ta
008 221004b |||||||| |||| 00| 0 mar d
024 _a40196
037 _cTextual
040 _aCRL
_cCRL
_bmar
041 _2mar
_amar
082 _aO155,2M83,3, E9
100 _aVarerkar B.V.
245 0 _aJivashivachi bhet
260 _aMumbai
_bJairam Dipaji Desai Inida
300 _a84p.
_ccm.
650 _aMARATHI LITERATURE
_938000
942 _hO155,2M83,3, E9
_cTEXL
_2cc
999 _c975477
_d975477